• 首页
  • 本馆介绍
  • 公告通知
  • 最新文献
  • 馆藏检索
  • 电子资源
  • 读者导购
  • 参考咨询
  • 我的图书馆
  • 登录
  • 详细信息显示
  • 放入我的书架
  • 预约/预借图书
  • 作者相关作品
  • 分类相关作品
  • 丛书相关作品
  • 出版社相关作品

书目信息

  • 表格格式
  • 工作单格式
  • 卡片格式
题名:
台湾黑帮内幕
    
 
作者: 邝碧华 编著
分册:  
出版信息: 香港   广角镜出版社有限公司  1988.08
页数: 182页
开本: 19cm
丛书名:
单 册:
中图分类: D675.8
科图分类:
主题词: 政治--中国
电子资源:
ISBN: 962-226-120-5
000 00548nam0 2200193 45
001 0503150997
005 20050315092336.7
010    @a962-226-120-5@dCNY16.50
100    @a20050315d1988 km y0chiy0120 ea
101 0  @achi
105    @a z 000yy
200 1  @a台湾黑帮内幕@ATai Wan Hei Bang Nei Mu@f邝碧华编著@FKuang Bi Hua Bian Zhu
210    @a香港@c广角镜出版社有限公司@d1988.08
215    @a182页@d19cm
606 0  @a政治@x中国
690    @aD675.8@v3
701  0 @a邝碧华@4编著
801    @aCN@bPftUser@c20050315
905    @f1@b218760@dD675.8@e11
    
    台湾黑帮内幕/邝碧华编著.-香港:广角镜出版社有限公司,1988.08
    182页;19cm
    
    
    ISBN 962-226-120-5:CNY16.50
    
●
相关链接 在E读中查询图书 在五车中查询图书 在当当中查询图书 在豆瓣中查询图书


正题名:台湾黑帮内幕     索取号:D675.8/11         预约/预借

序号 登录号 条形码 馆藏地/架位号 状态 备注
1 0218760   001976366   第一样本阅览室/ [索取号:D675.8/11] 在馆    
唐山师范学院图书馆 欢迎您!
大连网信软件有限公司© 版权所有